[Event "IECC Swiss-569.4"]
[Site "IECC email"]
[Date "2015.01.14"]
[Round "?"]
[White "Sofletea, Constantin"]
[Black "Perry, Hugh"]
[Result "1-0"]
[WhiteElo "1007"]
[BlackElo "1193"]
[PlyCount "107"]
[EventDate "2015.??.??"]
[EventType "swiss (corr)"]
[EventRounds "1"]
[SourceTitle "Corr 2020"]
[Source "ChessBase"]
[SourceDate "2019.09.30"]
[SourceVersion "1"]
[SourceVersionDate "2019.09.30"]
[SourceQuality "1"]
[WhiteTeam "Romania"]
[BlackTeam "Australia"]
[WhiteTeamCountry "ROU"]
[BlackTeamCountry "AUS"]

1. e4 e5 2. Nf3 Nf6 3. Nxe5 Nxe4 4. Qe2 d5 5. d3 Qe7 6. dxe4 Qxe5 7. exd5 Bb4+ 8. Nc3 Qe7 9. Qxe7+ Bxe7 10. Bf4 c5 11. Nb5 Na6 12. 0-0-0 Bd7 13. Nd6+ Bxd6 14. Bxd6 0-0-0 15. Bxa6 bxa6 16. Bxc5 g6 17. Bxa7 Rde8 18. c4 Re4 19. Bd4 Rhe8 20. h3 Kc7 21. c5 f5 22. f3 Re2 23. g4 f4 24. c6 Bc8 25. Bg7 Kd6 26. Bh6 Kc5 27. Bxf4 Rf8 28. b4+ Kb5 29. a4+ Kxa4 30. Rd4 Kb5 31. Rf1 Kb6 32. Re4 Rxe4 33. fxe4 Kb5 34. g5 Bxh3 35. Rf2 Re8 36. Rh2 Bg4 37. Rh4 Bf3 38. c7 Bxe4 39. d6 Bf5 40. Rxh7 Kc6 41. Rg7 Re4 42. c8Q+ Bxc8 43. Rc7+ Kb5 44. Rxc8 Rd4 45. Be5 Rd5 46. Rc5+ Rxc5+ 47. bxc5 Kc6 48. Kb2 Kd7 49. Ka3 Kc6 50. Ka4 Kd7 51. Ka5 Kc6 52. Kxa6 Kd7 53. Kb7 Ke6 54. c6 1-0

[Event "IECC CL7-2014.02 email"]
[Site "IECC email"]
[Date "2014.04.02"]
[Round "?"]
[White "Butcher Sr, Robert Evan"]
[Black "Perry, Hugh"]
[Result "0-1"]
[WhiteElo "1069"]
[BlackElo "1144"]
[PlyCount "56"]
[EventDate "2014.??.??"]
[EventType "tourn (corr)"]
[EventRounds "4"]
[SourceTitle "Corr 2020"]
[Source "ChessBase"]
[SourceDate "2019.09.30"]
[SourceVersion "1"]
[SourceVersionDate "2019.09.30"]
[SourceQuality "1"]
[WhiteTeam "United States"]
[BlackTeam "Australia"]
[WhiteTeamCountry "USA"]
[BlackTeamCountry "AUS"]

1. e4 e5 2. Nc3 Nc6 3. Nf3 Nf6 4. Bc4 Bc5 5. 0-0 a6 6. a3 b5 7. Ba2 0-0 8. b4 Bb6 9. Bb2 Nd4 10. Nxe5 d6 11. Nd3 Bg4 12. Qc1 Nxe4 13. Nf4 Nxc3 14. Bxc3 Qg5 15. d3 Qxf4 16. Bxd4 Qxd4 17. c3 Qxd3 18. Bb3 Qf5 19. Bc2 Qf6 20. Be4 Rad8 21. Qc2 g6 22. h3 d5 23. Bd3 Be6 24. Rfe1 d4 25. a4 dxc3 26. axb5 axb5 27. Bxb5 Rd2 28. Qe4 Bd5 0-1

[Event "IECC CL7-2014.02 email"]
[Site "IECC email"]
[Date "2014.04.02"]
[Round "?"]
[White "Perry, Hugh"]
[Black "Klawitter, Bernd"]
[Result "1-0"]
[WhiteElo "1126"]
[BlackElo "1189"]
[PlyCount "41"]
[EventDate "2014.??.??"]
[EventType "tourn (corr)"]
[EventRounds "4"]
[SourceTitle "Corr 2020"]
[Source "ChessBase"]
[SourceDate "2019.09.30"]
[SourceVersion "1"]
[SourceVersionDate "2019.09.30"]
[SourceQuality "1"]
[WhiteTeam "Australia"]
[BlackTeam "Germany"]
[WhiteTeamCountry "AUS"]
[BlackTeamCountry "GER"]

1. e4 e6 2. Nf3 h6 3. Nc3 d5 4. exd5 exd5 5. d4 c6 6. Bd3 Bg4 7. h3 Bxf3 8. Qxf3 Nf6 9. 0-0 Bd6 10. Re1+ Be7 11. b4 0-0 12. Rb1 Nbd7 13. b5 Re8 14. bxc6 bxc6 15. Qg3 Nb6 16. Bxh6 Nh5 17. Qg4 g6 18. Bxg6 fxg6 19. Qxg6+ Kh8 20. Qxh5 Bf6 21. Bg5+ 1-0

[Event "IECC 2014-1.05"]
[Site "IECC email"]
[Date "2014.01.05"]
[Round "?"]
[White "De Oliveira, Diogo Luiz"]
[Black "Perry, Hugh"]
[Result "1-0"]
[WhiteElo "2153"]
[BlackElo "1068"]
[PlyCount "47"]
[EventDate "2014.??.??"]
[EventType "tourn (corr)"]
[SourceTitle "Corr 2020"]
[Source "ChessBase"]
[SourceDate "2019.09.30"]
[SourceVersion "1"]
[SourceVersionDate "2019.09.30"]
[SourceQuality "1"]
[WhiteTeam "Brazil"]
[BlackTeam "Australia"]
[WhiteTeamCountry "BRA"]
[BlackTeamCountry "AUS"]

1. e4 e5 2. Nf3 Nc6 3. Bb5 a6 4. Ba4 b5 5. Bb3 g6 6. 0-0 f5 7. exf5 gxf5 8. d4 Qf6 9. dxe5 Nxe5 10. Nxe5 Qxe5 11. Re1 Qxe1+ 12. Qxe1+ Ne7 13. Qe5 Rg8 14. Bxg8 Bb7 15. Bf4 d6 16. Qe6 Bd5 17. Bf7+ Kd8 18. Qf6 Bxf7 19. Qxf7 Kd7 20. a4 b4 21. Nd2 Kc6 22. Nb3 Nd5 23. Na5+ Kb6 24. Qxd5 1-0

[Event "IECC 2014-1.05"]
[Site "IECC email"]
[Date "2014.01.05"]
[Round "?"]
[White "Wenger, Joseph"]
[Black "Perry, Hugh"]
[Result "1-0"]
[WhiteElo "1641"]
[BlackElo "1068"]
[PlyCount "69"]
[EventDate "2014.??.??"]
[EventType "tourn (corr)"]
[SourceTitle "Corr 2020"]
[Source "ChessBase"]
[SourceDate "2019.09.30"]
[SourceVersion "1"]
[SourceVersionDate "2019.09.30"]
[SourceQuality "1"]
[WhiteTeam "United States"]
[BlackTeam "Australia"]
[WhiteTeamCountry "USA"]
[BlackTeamCountry "AUS"]

1. e4 e5 2. Nf3 Nc6 3. Bc4 Nf6 4. Ng5 d5 5. exd5 Nxd5 6. Nxf7 Kxf7 7. Qf3+ Ke6 8. Nc3 Nd4 9. Bxd5+ Kd6 10. Qd3 Bf5 11. Be4 g6 12. Nb5+ Ke7 13. Bxf5 gxf5 14. Nxd4 exd4 15. Qxf5 Qd7 16. Qg5+ Kf7 17. 0-0 Rg8 18. Qf4+ Kg7 19. Qe5+ Kf7 20. Re1 Rg6 21. d3 Qc6 22. Qe4 Qxe4 23. Rxe4 Rc6 24. Rxd4 Rxc2 25. Rc4 Re8 26. Be3 Rxb2 27. Rxc7+ Kg6 28. Rd7 Bg7 29. Rxg7+ Kxg7 30. Bd4+ Kg6 31. Bxb2 Re2 32. Bd4 b6 33. Be3 Rb2 34. a4 h5 35. Kf1 1-0

[Event "IECC CL7-2013.05 email"]
[Site "IECC email"]
[Date "2013.09.30"]
[Round "?"]
[White "Perry, Hugh"]
[Black "De Jongh, Alejandro"]
[Result "1-0"]
[WhiteElo "1074"]
[BlackElo "1128"]
[PlyCount "60"]
[EventDate "2013.??.??"]
[EventType "tourn (corr)"]
[EventRounds "4"]
[SourceTitle "Telechess CBM 165"]
[Source "ChessBase"]
[SourceDate "2015.03.11"]
[SourceVersion "1"]
[SourceVersionDate "2015.03.11"]
[SourceQuality "1"]
[WhiteTeam "Australia"]
[BlackTeam "Cuba"]
[WhiteTeamCountry "AUS"]
[BlackTeamCountry "CUB"]

1. e4 c5 2. Nf3 d6 3. Nc3 Nc6 4. Bd3 Bg4 5. 0-0 Nf6 6. h3 Bh5 7. Be2 e6 8. d3 Be7 9. Bd2 Bxf3 10. Bxf3 Nd4 11. a3 a6 12. b4 0-0 13. bxc5 dxc5 14. Rb1 b5 15. e5 Nd5 16. Be4 f6 17. exf6 Bxf6 18. a4 b4 19. Ne2 Ra7 20. c4 Nxe2+ 21. Qxe2 Nc3 22. Bxc3 Bxc3 23. Qh5 g5 24. h4 Bf6 25. hxg5 Bxg5 26. Qg4 e5 27. Qe6+ Rff7 28. Bd5 Kg7 29. Qxe5+ Qf6 30. Qg3 Rf8 1-0

[Event "IECC Swiss-569.1"]
[Site "IECC email"]
[Date "2013.07.12"]
[Round "?"]
[White "Perry, Hugh"]
[Black "Baity, Tony"]
[Result "0-1"]
[WhiteElo "1028"]
[BlackElo "1392"]
[PlyCount "48"]
[EventDate "2013.??.??"]
[EventType "swiss (corr)"]
[EventRounds "1"]
[SourceTitle "Telechess CBM 165"]
[Source "ChessBase"]
[SourceDate "2015.03.11"]
[SourceVersion "1"]
[SourceVersionDate "2015.03.11"]
[SourceQuality "1"]
[WhiteTeam "Australia"]
[BlackTeam "US of America"]
[WhiteTeamCountry "AUS"]
[BlackTeamCountry "USA"]

1. e4 c5 2. Nc3 g6 3. Nf3 Bg7 4. d4 cxd4 5. Nxd4 Nc6 6. Be2 Bxd4 7. Nd5 e6 8. c3 Bg7 9. Bf4 exd5 10. exd5 Ne5 11. d6 Qf6 12. Qd2 Qf5 13. 0-0 Nf6 14. Qe3 Nd5 15. Bxe5 Nxe3 16. Bxg7 Nxf1 17. Bxh8 Nxh2 18. Kxh2 Qxf2 19. Bf3 Qxb2 20. Re1+ Kf8 21. Re2 Qc1 22. Be5 a5 23. Bf4 Qxf4+ 24. Kg1 Ra6 0-1

[Event "IECC Swiss-548.4"]
[Site "IECC email"]
[Date "2011.05.04"]
[Round "?"]
[White "Perry, Hugh"]
[Black "Melo, Olavo"]
[Result "0-1"]
[WhiteElo "949"]
[BlackElo "1608"]
[PlyCount "72"]
[EventDate "2011.??.??"]
[EventType "swiss (corr)"]
[EventRounds "1"]
[SourceTitle "Telechess CBM 145"]
[Source "Chessbase"]
[SourceDate "2011.11.11"]
[SourceVersion "1"]
[SourceVersionDate "2011.11.11"]
[SourceQuality "1"]
[WhiteTeam "Australia"]
[BlackTeam "Brazil"]
[WhiteTeamCountry "AUS"]
[BlackTeamCountry "BRA"]

1. e4 e5 2. Nf3 Nf6 3. Bd3 Nc6 4. 0-0 Bc5 5. c3 a6 6. b4 Bb6 7. Bc2 d5 8. d4 exd4 9. exd5 Qxd5 10. Bb3 Qd6 11. Re1+ Be6 12. Bxe6 fxe6 13. Qb3 e5 14. Ba3 e4 15. b5 Na5 16. Qc2 d3 17. Qa4 Qd7 18. Ng5 0-0-0 19. Nd2 Qf5 20. Nf7 Qxf2+ 21. Kh1 Qxd2 22. Nxh8 axb5 23. Qxb5 Rxh8 24. Be7 Qxc3 25. Qf5+ Kb8 26. Bxf6 gxf6 27. Qxe4 d2 28. Rf1 Nc4 29. a4 Ne3 30. Qf3 Rd8 31. a5 Bxa5 32. Rxa5 Qxa5 33. Qxe3 d1Q 34. Rxd1 Rxd1+ 35. Qg1 Rxg1+ 36. Kxg1 Qe1# 0-1

[Event "IECC CL8-2009.07 email"]
[Site "IECC email"]
[Date "2010.02.19"]
[Round "?"]
[White "Perry, Hugh"]
[Black "Campbell, Graham G"]
[Result "0-1"]
[WhiteElo "970"]
[BlackElo "1024"]
[PlyCount "80"]
[EventDate "2010.??.??"]
[EventType "tourn (corr)"]
[EventRounds "4"]
[SourceTitle "Telechess CBM 149"]
[Source "ChessBase"]
[SourceDate "2012.07.17"]
[SourceVersion "1"]
[SourceVersionDate "2012.07.17"]
[SourceQuality "1"]
[WhiteTeam "Australia"]
[BlackTeam "US of America"]
[WhiteTeamCountry "AUS"]
[BlackTeamCountry "USA"]

1. e4 e5 2. Nf3 Nc6 3. Nc3 g6 4. Bd3 Bg7 5. 0-0 d6 6. a4 Bg4 7. h3 Bxf3 8. Qxf3 Nd4 9. Qd1 Ne7 10. Nd5 0-0 11. c3 Ne6 12. Nxe7+ Qxe7 13. Bc4 c6 14. d4 exd4 15. cxd4 Nxd4 16. Be3 Ne6 17. Qb3 b6 18. Rac1 Rac8 19. Ba6 Rc7 20. Rc2 Bd4 21. Bh6 Bg7 22. Be3 Re8 23. Rd1 c5 24. Bb5 Rd8 25. Qa3 Ng5 26. f3 Ne6 27. Bc4 Nd4 28. Bxd4 Bxd4+ 29. Kf1 Qe5 30. Bd5 Qh2 31. Rxd4 Re7 32. Rdd2 Re5 33. a5 b5 34. Bc6 Qh1+ 35. Kf2 Rg5 36. g4 Qh2+ 37. Ke3 Qxh3 38. Bxb5 Rxg4 39. Rxc5 Qh6+ 40. Kd3 dxc5+ 0-1

[Event "IECC Swiss-530.4"]
[Site "IECC email"]
[Date "2009.03.25"]
[Round "?"]
[White "Perry, Hugh"]
[Black "Garcia, Arsenio"]
[Result "1-0"]
[WhiteElo "899"]
[BlackElo "1193"]
[PlyCount "35"]
[EventDate "2009.??.??"]
[EventType "tourn (corr)"]
[EventRounds "1"]
[SourceTitle "Corr 2011"]
[Source "ChessBase"]
[SourceDate "2010.08.31"]
[SourceVersion "1"]
[SourceVersionDate "2010.08.31"]
[SourceQuality "1"]
[WhiteTeam "Australia"]
[BlackTeam "Philippines"]
[WhiteTeamCountry "AUS"]
[BlackTeamCountry "PHI"]

1. e4 e6 2. Nf3 d5 3. Nc3 c5 4. Bb5+ Bd7 5. 0-0 Nc6 6. exd5 exd5 7. Nxd5 Bg4 8. Re1+ Nge7 9. Bxc6+ bxc6 10. Ne3 Bh5 11. b3 g6 12. Bb2 Bxf3 13. Qxf3 Rg8 14. Nc4 Qc7 15. Ne5 f5 16. Nxc6 Kf7 17. Ne5+ Ke8 18. Qxa8+ 1-0

[Event "IECC CL8-2007.05 email"]
[Site "IECC email"]
[Date "2007.09.27"]
[Round "?"]
[White "Perry, Hugh"]
[Black "Weintoegl, Alfred"]
[Result "1-0"]
[WhiteElo "879"]
[BlackElo "953"]
[PlyCount "54"]
[EventDate "2007.??.??"]
[EventType "tourn (corr)"]
[EventRounds "4"]
[SourceTitle "Corr 2020"]
[Source "ChessBase"]
[SourceDate "2019.09.30"]
[SourceVersion "1"]
[SourceVersionDate "2019.09.30"]
[SourceQuality "1"]
[WhiteTeam "Australia"]
[BlackTeam "Austria"]
[WhiteTeamCountry "AUS"]
[BlackTeamCountry "AUT"]

1. e4 c6 2. Nc3 d5 3. Nf3 d4 4. Na4 b5 5. Nc5 e6 6. b4 g6 7. Bb2 Bg7 8. c3 dxc3 9. Bxc3 Nd7 10. Bxg7 Ndf6 11. Bxh8 Ng4 12. h3 N4h6 13. Na6 Bxa6 14. Rc1 Qb6 15. Bd4 Qc7 16. g4 Qf4 17. d3 Rc8 18. Be5 Qxc1 19. Qxc1 f6 20. Bd4 Rc7 21. g5 fxg5 22. Nxg5 Re7 23. Qxc6+ Rd7 24. Nxh7 Ne7 25. Nf6+ Kf8 26. Qxd7 Kf7 27. Qe8+ Kg7 1-0

[Event "IECC Swiss-495.2"]
[Site "IECC email"]
[Date "2005.09.15"]
[Round "?"]
[White "Perry, Hugh"]
[Black "Dautovic, Dzenan"]
[Result "0-1"]
[WhiteElo "883"]
[BlackElo "1442"]
[PlyCount "38"]
[EventDate "2005.??.??"]
[EventType "swiss (corr)"]
[EventRounds "1"]
[SourceTitle "Corr 2008"]
[Source "ChessBase"]
[SourceDate "2008.06.24"]
[SourceVersion "1"]
[SourceVersionDate "2008.06.24"]
[SourceQuality "1"]

1. e4 c5 2. c4 Nc6 3. Nf3 e5 4. Nc3 g6 5. g3 Bg7 6. b3 Nge7 7. Nd5 d6 8. Ba3 0-0 9. Ng5 Nxd5 10. cxd5 Nd4 11. h4 h6 12. h5 Qxg5 13. b4 Bg4 14. Qc1 Nf3+ 15. Kd1 cxb4 16. Bxb4 Rac8 17. Qb2 Nd4+ 18. Ke1 Nc2+ 19. Qxc2 Rxc2 0-1

[Event "IECC Swiss-495.1"]
[Site "IECC email"]
[Date "2005.03.11"]
[Round "?"]
[White "Basson, Heinrich"]
[Black "Perry, Hugh"]
[Result "1-0"]
[WhiteElo "1703"]
[BlackElo "900"]
[PlyCount "57"]
[EventDate "2005.??.??"]
[EventType "swiss (corr)"]
[EventRounds "1"]
[SourceTitle "Corr 2020"]
[Source "ChessBase"]
[SourceDate "2019.09.30"]
[SourceVersion "1"]
[SourceVersionDate "2019.09.30"]
[SourceQuality "1"]
[WhiteTeam "South Africa"]
[BlackTeam "Australia"]
[WhiteTeamCountry "RSA"]
[BlackTeamCountry "AUS"]

1. e4 e5 2. Nf3 Nc6 3. d4 Nf6 4. d5 Na5 5. Nc3 Bb4 6. Qd3 b6 7. a3 Bxc3+ 8. Qxc3 Nxe4 9. Qxe5+ Qe7 10. Qxg7 Rf8 11. Be3 f5 12. Qxe7+ Kxe7 13. Ng5 Bb7 14. Nxe4 fxe4 15. b4 Nc4 16. Bxc4 a6 17. Rd1 b5 18. Bb3 Rae8 19. d6+ cxd6 20. Bg5+ Rf6 21. Bxf6+ Kxf6 22. Rxd6+ Ke7 23. Rh6 Kd8 24. Rxh7 e3 25. f3 Bc6 26. h4 d5 27. h5 d4 28. h6 Re5 29. Rg7 1-0

[Event "IECC CL8-2004.09 email"]
[Site "IECC email"]
[Date "2004.06.22"]
[Round "?"]
[White "Ballueder, Volker"]
[Black "Perry, Hugh"]
[Result "0-1"]
[WhiteElo "1004"]
[BlackElo "892"]
[PlyCount "92"]
[EventDate "2004.??.??"]
[EventType "tourn (corr)"]
[EventRounds "4"]
[SourceTitle "Corr 2008"]
[Source "ChessBase"]
[SourceDate "2008.06.24"]
[SourceVersion "1"]
[SourceVersionDate "2008.06.24"]
[SourceQuality "1"]

1. c4 e5 2. Nc3 Nf6 3. Nf3 c6 4. g3 d5 5. d3 Bb4 6. Bd2 dxc4 7. dxc4 Be6 8. b3 Qb6 9. Bg2 Ng4 10. 0-0 0-0 11. Na4 Qa5 12. Bxb4 Qxb4 13. e4 b5 14. Nb2 bxc4 15. Nxc4 Bxc4 16. bxc4 Qxc4 17. Nd2 Qd4 18. Qxg4 Qxd2 19. Rfd1 Qb2 20. Qg5 Na6 21. f4 exf4 22. Qxf4 Nb4 23. Rab1 Qc2 24. a3 Nd3 25. Qf1 Qc5+ 26. Kh1 Nf2+ 27. Kg1 Nxd1+ 28. Kh1 Ne3 29. Qf2 Qc2 30. Qxc2 Nxc2 31. Rc1 Nxa3 32. Rxc6 Rab8 33. h4 Nb5 34. Kg1 Nd4 35. Rd6 Ne2+ 36. Kf2 Rb2 37. Kf3 a5 38. Bf1 Ng1+ 39. Ke3 f5 40. Bc4+ Kh8 41. Kf4 Nh3+ 42. Ke5 fxe4 43. Kxe4 a4 44. Ra6 Rb4 45. Kd5 h6 46. Kc5 Rfb8 0-1

[Event "IECC CL8-2004.09 email"]
[Site "IECC email"]
[Date "2004.06.22"]
[Round "?"]
[White "Perry, Hugh"]
[Black "Butcher, Robert Evan Sr"]
[Result "0-1"]
[WhiteElo "904"]
[BlackElo "1004"]
[PlyCount "26"]
[EventDate "2004.??.??"]
[EventType "tourn (corr)"]
[EventRounds "4"]
[SourceTitle "Corr 2008"]
[Source "ChessBase"]
[SourceDate "2008.06.24"]
[SourceVersion "1"]
[SourceVersionDate "2008.06.24"]
[SourceQuality "1"]

1. c4 c6 2. e4 Nf6 3. Nc3 e5 4. Nf3 Bc5 5. a3 d6 6. b4 Bb6 7. Qa4 Ng4 8. c5 dxc5 9. bxc5 Bxc5 10. Nd5 Bxf2+ 11. Kd1 Bd7 12. h3 cxd5 13. hxg4 Bxa4+ 0-1

[Event "IECC CL8-2003.09 email"]
[Site "IECC email"]
[Date "2003.04.26"]
[Round "?"]
[White "Heyvaert, Philippe"]
[Black "Perry, Hugh"]
[Result "1-0"]
[WhiteElo "1183"]
[BlackElo "912"]
[PlyCount "57"]
[EventDate "2003.??.??"]
[EventType "tourn (corr)"]
[EventRounds "4"]
[SourceTitle "Corr 2008"]
[Source "ChessBase"]
[SourceDate "2008.06.24"]
[SourceVersion "1"]
[SourceVersionDate "2008.06.24"]
[SourceQuality "1"]

1. d4 d5 2. c4 Nf6 3. Nf3 dxc4 4. Nc3 Nc6 5. e3 Be6 6. e4 Bg4 7. d5 Ne5 8. Be2 Qd6 9. Nxe5 Bxe2 10. Qxe2 Qxe5 11. Qxc4 a6 12. 0-0 e6 13. f4 Qh5 14. dxe6 fxe6 15. Qxe6+ Be7 16. e5 Ng4 17. h3 Qf7 18. Qxf7+ Kxf7 19. hxg4 Rhd8 20. f5 Rd4 21. e6+ Kg8 22. Bf4 Bc5 23. Be3 Rc4 24. Bxc5 Rxc5 25. Rad1 Rc4 26. g5 Re8 27. f6 gxf6 28. gxf6 Rxe6 29. f7+ 1-0

[Event "IECC CL8-2002.03"]
[Site "IECC email"]
[Date "2002.02.25"]
[Round "?"]
[White "Perry, Hugh"]
[Black "Chan, Julian M"]
[Result "1-0"]
[WhiteElo "917"]
[BlackElo "1011"]
[PlyCount "29"]
[EventDate "2002.??.??"]
[EventType "tourn (corr)"]
[EventRounds "4"]
[SourceTitle "Corr 2008"]
[Source "ChessBase"]
[SourceDate "2008.06.24"]
[SourceVersion "1"]
[SourceVersionDate "2008.06.24"]
[SourceQuality "1"]

1. d4 Nf6 2. Nf3 e6 3. Nc3 Bb4 4. e3 0-0 5. Bc4 b6 6. a3 Ba5 7. b4 Nc6 8. bxa5 Nxa5 9. Bd3 Bb7 10. e4 Qe7 11. Rb1 Nh5 12. Ng5 Qf6 13. e5 Qe7 14. Qxh5 a6 15. Qxh7# 1-0

[Event "IECC CL8-2001.22"]
[Site "IECC email"]
[Date "2001.09.28"]
[Round "?"]
[White "Mitchell, TT."]
[Black "Perry, Hugh"]
[Result "1-0"]
[WhiteElo "932"]
[BlackElo "949"]
[PlyCount "67"]
[EventDate "2001.??.??"]
[EventType "tourn (corr)"]
[EventRounds "4"]
[SourceTitle "Corr 2008"]
[Source "ChessBase"]
[SourceDate "2008.06.24"]
[SourceVersion "1"]
[SourceVersionDate "2008.06.24"]
[SourceQuality "1"]

1. e4 c5 2. c4 Nc6 3. Nf3 Nf6 4. d3 e5 5. Be2 a6 6. 0-0 b5 7. Nbd2 bxc4 8. dxc4 Be7 9. b3 0-0 10. a3 Nd4 11. Nxd4 exd4 12. Bd3 Qc7 13. Nf3 Ng4 14. g3 a5 15. a4 Ra6 16. Bf4 Qb7 17. Nd2 g5 18. Qxg4 Rg6 19. e5 d6 20. Bf5 gxf4 21. Qxf4 Bxf5 22. Qxf5 Bg5 23. Ne4 h6 24. exd6 Qxb3 25. Qxc5 Re8 26. Qxd4 Rge6 27. Nc5 Qb4 28. Nxe6 Rxe6 29. Rab1 Rxd6 30. Qe5 Bf6 31. Qe8+ Kg7 32. Rxb4 axb4 33. Qb8 Bd4 34. Qxd6 1-0

[Event "IECC Swiss email"]
[Site "IECC email"]
[Date "2001.02.05"]
[Round "?"]
[White "Mullen, John"]
[Black "Perry, Hugh"]
[Result "1-0"]
[WhiteElo "1661"]
[BlackElo "1000"]
[PlyCount "37"]
[EventDate "2001.??.??"]
[EventType "tourn (corr)"]
[EventRounds "6"]
[SourceTitle "Corr 2008"]
[Source "ChessBase"]
[SourceDate "2008.06.24"]
[SourceVersion "1"]
[SourceVersionDate "2008.06.24"]
[SourceQuality "1"]

1. e4 e5 2. Nf3 Nc6 3. Bb5 Nf6 4. 0-0 Bc5 5. Nxe5 Nxe5 6. d4 Bb6 7. dxe5 Nxe4 8. Qg4 0-0 9. Qxe4 c6 10. Bd3 Re8 11. Qxh7+ Kf8 12. Qh8+ Ke7 13. Bg5+ f6 14. Bxf6+ Ke6 15. Qh3+ Kf7 16. Qh5+ Ke6 17. Qg4+ Kf7 18. Qg6+ Ke6 19. Bxg7+ 1-0